Central Library OPAC University of Rajshahi

Information networks / (Record no. 68631)

MARC details
000 -LEADER
fixed length control field 00813nam a2200241 a 4500
001 - CONTROL NUMBER
control field 68631
003 - CONTROL NUMBER IDENTIFIER
rucl marc code BD-RjUL
005 - DATE AND TIME OF LATEST TRANSACTION
control field 20211209081807.0
008 - FIXED-LENGTH DATA ELEMENTS--GENERAL INFORMATION
fixed length control field 170404s1960 enk u 0 0 0und d
035 ## - SYSTEM CONTROL NUMBER
System control number (BD-RjUL)68841
040 ## - CATALOGING SOURCE
Original cataloging agency BD-RjUL
Language of cataloging eng
Transcribing agency BD-RjUL
Modifying agency BD-RjUL
041 ## - LANGUAGE CODE
Language code of text/sound track or separate title eng
082 ## - DEWEY DECIMAL CLASSIFICATION NUMBER
Edition number 23
Classification number 621.3
Author mark and year INF 1960
245 00 - TITLE STATEMENT
Title Information networks /
Statement of responsibility, etc. Telecom Publishing Group
260 ## - PUBLICATION, DISTRIBUTION, ETC. (IMPRINT)
Place of publication, distribution, etc. New York ;
Name of publisher, distributor, etc. Polytechnic Press,
Date of publication, distribution, etc. c1955 [Printing 1960]
300 ## - PHYSICAL DESCRIPTION
Pagination xix, 328 p. :
Illustrations ill. ;
490 ## - SERIES STATEMENT
Series statement Microwave Research Institute symposia series,
Volume/sequential designation vol. 3.
650 ## - SUBJECT ADDED ENTRY--TOPICAL TERM
Topical term or geographic name as entry element Electronics Networks
9 (RLIN) 203406
710 2# - ADDED ENTRY--CORPORATE NAME
Corporate name or jurisdiction name as entry element Telecom Publishing Group
9 (RLIN) 203407
780 00 - PRECEDING ENTRY
Note SERLOC preceding entry:
Title Enhanced services outlook
856 ## - ELECTRONIC LOCATION AND ACCESS
Materials specified Microwave Research Institute symposia series,
Uniform Resource Identifier <a href="vol. 3. ">vol. 3. </a>
942 ## - ADDED ENTRY ELEMENTS (KOHA)
Source of classification or shelving scheme Dewey Decimal Classification
Koha item type Books
Holdings
Lost status Source of classification or shelving scheme Damaged status Not for loan Collection code Permanent Location Current Location Shelving location Date acquired Source of acquisition Total Checkouts Full call number Date last seen Copy number Koha item type
  Dewey Decimal Classification   Not For Loan Non-fiction Central Library, University of Rajshahi Central Library, University of Rajshahi Reading Room 21/12/1963 Zeitlinger   621.3 INF 1960 04/04/2017 C-1 Books